Quel est ce Pokémon? (#2) - Statistiques

Statistiques générales
  • Ce quiz a été pris 53 fois
  • Le résultat moyen est 12 sur 20
Statistiques - réponses
Par images Réponse % Correct
Smogo
98%
Chenipan
94%
Alakazam
92%
Mélodelfe
83%
Obalie
83%
Laporeille
79%
Galifeu
77%
Kraknoix
75%
Rémoraid
67%
Cradopaud
65%
Corboss
63%
Tic
60%
Croâporal
54%
Floravol
54%
Poussacha
50%
Magearna
40%
Couverdure
35%
Balbalèze
23%
Pérégrain
21%
Cléopsytra
17%
Aucun quiz correspondant
Distribution des résultats
% des personnes avec chaque résultat
Percentile par nombre de réponses
Votre historique - résultats
Vous n’avez pas pris ce quiz